<?xml version="1.0" encoding="UTF-8"?>
<record
    xmlns:xsi="http://www.w3.org/2001/XMLSchema-instance"
    xsi:schemaLocation="http://www.loc.gov/MARC21/slim http://www.loc.gov/standards/marcxml/schema/MARC21slim.xsd"
    xmlns="http://www.loc.gov/MARC21/slim">

  <leader>01449nam a2200253 a 4500</leader>
  <controlfield tag="005">20171107125833.0</controlfield>
  <controlfield tag="008">170930s2005    ck ab  gr     000 0 spa d</controlfield>
  <datafield tag="020" ind1=" " ind2=" ">
    <subfield code="a">9589742718</subfield>
  </datafield>
  <datafield tag="040" ind1=" " ind2=" ">
    <subfield code="a">CO-BoBLA </subfield>
    <subfield code="c">CO-BoBLA</subfield>
    <subfield code="d">CO-BoIAVH</subfield>
  </datafield>
  <datafield tag="041" ind1="0" ind2=" ">
    <subfield code="a">spa</subfield>
  </datafield>
  <datafield tag="044" ind1=" " ind2=" ">
    <subfield code="a">ck</subfield>
  </datafield>
  <datafield tag="082" ind1="0" ind2="4">
    <subfield code="a">580.986126 </subfield>
    <subfield code="b">E82c</subfield>
  </datafield>
  <datafield tag="245" ind1="0" ind2="4">
    <subfield code="a">Estrategia para la conservaci&#xF3;n de plantas amenazadas en el Departamento de Antioquia / </subfield>
    <subfield code="c">Gobernaci&#xF3;n de Antioquia. Departamento Administrastivo del Medio Ambiente, Comit&#xE9; Interinstitucional de Flora y Fauna Silvestre de Antioquia, &#xC1;rea Metropolitana del Valle de Aburr&#xC1; [y otros].</subfield>
  </datafield>
  <datafield tag="260" ind1=" " ind2=" ">
    <subfield code="a">Medell&#xED;n : </subfield>
    <subfield code="b">Gobernaci&#xF3;n de Antioquia. Departamento Administrativo del Medio Ambiente : </subfield>
    <subfield code="b">Jard&#xED;n Bot&#xE1;nico de Medell&#xED;n "Joaqu&#xED;n Antonio Uribe" : </subfield>
    <subfield code="b">Corporaci&#xF3;n Aut&#xF3;noma Regional de los R&#xED;os Negro y Nare, </subfield>
    <subfield code="c">2005.</subfield>
  </datafield>
  <datafield tag="300" ind1=" " ind2=" ">
    <subfield code="a">60 p&#xE1;ginas : </subfield>
    <subfield code="b">ilustraciones, mapas ; </subfield>
    <subfield code="c">27 x 21 cm.</subfield>
  </datafield>
  <datafield tag="504" ind1=" " ind2=" ">
    <subfield code="a">Incluye referencias bibliogr&#xE1;ficas: p&#xE1;gina 60.</subfield>
  </datafield>
  <datafield tag="650" ind1="2" ind2="6">
    <subfield code="a">Plantas</subfield>
    <subfield code="x">Especies en peligro de extinci&#xF3;n</subfield>
    <subfield code="z">Antioquia (Departamento, Colombia)</subfield>
  </datafield>
  <datafield tag="650" ind1="2" ind2="6">
    <subfield code="a">Bosques</subfield>
    <subfield code="x">Conservaci&#xF3;n biol&#xF3;gica</subfield>
    <subfield code="z">Antioquia (Departamento, Colombia)</subfield>
  </datafield>
  <datafield tag="650" ind1="2" ind2="6">
    <subfield code="a">Plantas</subfield>
    <subfield code="x">Especies</subfield>
    <subfield code="z">Antioquia (Departamento, Colombia)</subfield>
  </datafield>
  <datafield tag="650" ind1="2" ind2="6">
    <subfield code="a">Plantas</subfield>
    <subfield code="x">Taxonom&#xED;a</subfield>
    <subfield code="z">Antioquia (Departamento, Colombia)</subfield>
  </datafield>
  <datafield tag="700" ind1="1" ind2=" ">
    <subfield code="a">Rinc&#xF3;n Henao, Hern&#xE1;n Dar&#xED;o</subfield>
    <subfield code="e">editor</subfield>
  </datafield>
  <datafield tag="700" ind1="1" ind2=" ">
    <subfield code="a">Toro Murillo, Juan L&#xE1;zaro</subfield>
    <subfield code="e">editor</subfield>
  </datafield>
  <datafield tag="942" ind1=" " ind2=" ">
    <subfield code="2">ddc</subfield>
    <subfield code="c">LIBRO</subfield>
  </datafield>
  <datafield tag="999" ind1=" " ind2=" ">
    <subfield code="c">5264</subfield>
    <subfield code="d">5264</subfield>
  </datafield>
  <datafield tag="952" ind1=" " ind2=" ">
    <subfield code="0">0</subfield>
    <subfield code="1">0</subfield>
    <subfield code="2">ddc</subfield>
    <subfield code="4">0</subfield>
    <subfield code="7">0</subfield>
    <subfield code="8">GENERAL</subfield>
    <subfield code="I">INV2017</subfield>
    <subfield code="a">Venado</subfield>
    <subfield code="b">Venado</subfield>
    <subfield code="d">2006-09-20</subfield>
    <subfield code="e">Instituto</subfield>
    <subfield code="g">15000.00</subfield>
    <subfield code="l">0</subfield>
    <subfield code="o">LB-580.986126  E82c</subfield>
    <subfield code="p">023293</subfield>
    <subfield code="r">2012-12-04 00:00:00</subfield>
    <subfield code="t">Ej. 1</subfield>
    <subfield code="w">2012-12-04</subfield>
    <subfield code="x">Donacion</subfield>
    <subfield code="y">LIBRO</subfield>
  </datafield>
  <datafield tag="952" ind1=" " ind2=" ">
    <subfield code="0">0</subfield>
    <subfield code="1">0</subfield>
    <subfield code="2">z</subfield>
    <subfield code="4">0</subfield>
    <subfield code="7">0</subfield>
    <subfield code="8">GENERAL</subfield>
    <subfield code="a">Villa</subfield>
    <subfield code="b">Villa</subfield>
    <subfield code="d">2007-05-25</subfield>
    <subfield code="e">CORANTIOQUIA</subfield>
    <subfield code="l">0</subfield>
    <subfield code="o">LB-04605</subfield>
    <subfield code="p">024376</subfield>
    <subfield code="r">2012-12-04 00:00:00</subfield>
    <subfield code="t">Ej. 2</subfield>
    <subfield code="w">2012-12-04</subfield>
    <subfield code="y">LIBRO</subfield>
  </datafield>
</record>
